000
00273nam a2200109Ia 4500
008
201217s9999 xx 000 0 und d
100
_a
Faltinsen, O. M.
245
0
_a
Sea Loads on Ships and Offshore Structures
260
_a
New York
_b
Cambridge
300
_a
328
942
_c
BK
999
_c
8063
_d
8063